ბათუმის შოთა რუსთაველის სახელმწიფო უნივერსიტეტის ბიბლიოთეკა

რომანული და ქართული ენების შეპირისპირებითი ტიპოლოგია (ბიბ.ჩანაწერი № 51190)

000 -LEADER
fixed length control field 01247nam a2200253Ia 4500
001 - CONTROL NUMBER
control field 18149
003 - CONTROL NUMBER IDENTIFIER
control field GE_BSU
008 - FIXED-LENGTH DATA ELEMENTS--GENERAL INFORMATION
fixed length control field 181216s||||||||xx |||||||||||||| ||und||
020 ## - INTERNATIONAL STANDARD BOOK NUMBER
International Standard Book Number 978-99940-974-4-9
040 ## - CATALOGING SOURCE
Transcribing agency GE_BSU
080 ## - UNIVERSAL DECIMAL CLASSIFICATION NUMBER
Universal Decimal Classification number 811.13'362 + 811.353.1'362
100 ## - MAIN ENTRY--PERSONAL NAME
Personal name ჯაში, ქეთევან
245 ## - TITLE STATEMENT
Title რომანული და ქართული ენების შეპირისპირებითი ტიპოლოგია
245 ## - TITLE STATEMENT
Remainder of title ფრანგ., ესპან. და იტალ. ენ. მასალაზე
260 ## - PUBLICATION, DISTRIBUTION, ETC.
Place of publication, distribution, etc. თბილისი
260 ## - PUBLICATION, DISTRIBUTION, ETC.
Name of publisher, distributor, etc. ხირონი
260 ## - PUBLICATION, DISTRIBUTION, ETC.
Date of publication, distribution, etc. 2008
300 ## - PHYSICAL DESCRIPTION
Extent 216გვ. ; 20სმ.
300 ## - PHYSICAL DESCRIPTION
Accompanying material ბიბლიოგრ.: გვ. 213-214.
653 ## - INDEX TERM--UNCONTROLLED
Uncontrolled term რომანული და ქართული ენების შეპირისპირებითი ტიპოლოგია
653 ## - INDEX TERM--UNCONTROLLED
Uncontrolled term რომანული ენების შედარებითი გრამატიკა; ქართული ენის შედარებითი გრამატიკა; ტიპოლოგიური ლინგვისტიკა
942 ## - ADDED ENTRY ELEMENTS (KOHA)
Koha item type წიგნი
ეგზემპლარები
Withdrawn status Lost status Source of classification or shelving scheme Damaged status Not for loan Permanent Location Current Location Shelving location Date acquired Cost, normal purchase price Full call number Barcode Date last seen Copy number Price effective from Koha item type Public note
          ბათუმის შოთა რუსთაველის სახელმწიფო უნივერსიტეტის მთავარი ბიბლიოთეკა ბათუმის შოთა რუსთაველის სახელმწიფო უნივერსიტეტის მთავარი ბიბლიოთეკა წიგნსაცავი 2018-12-17 10.00 811.13'362 + 811.353.1'362 46269 2018-12-17 46269 2018-12-17 წიგნი 10 ლ.
          ბათუმის შოთა რუსთაველის სახელმწიფო უნივერსიტეტის მთავარი ბიბლიოთეკა ბათუმის შოთა რუსთაველის სახელმწიფო უნივერსიტეტის მთავარი ბიბლიოთეკა წიგნსაცავი 2018-12-17 10.00 811.13'362 + 811.353.1'362 46270 2018-12-17 46270 2018-12-17 წიგნი 10 ლ.
          ბათუმის შოთა რუსთაველის სახელმწიფო უნივერსიტეტის მთავარი ბიბლიოთეკა ბათუმის შოთა რუსთაველის სახელმწიფო უნივერსიტეტის მთავარი ბიბლიოთეკა წიგნსაცავი 2018-12-17 10.00 811.13'362 + 811.353.1'362 46271 2018-12-17 46271 2018-12-17 წიგნი 10 ლ.
          ბათუმის შოთა რუსთაველის სახელმწიფო უნივერსიტეტის მთავარი ბიბლიოთეკა ბათუმის შოთა რუსთაველის სახელმწიფო უნივერსიტეტის მთავარი ბიბლიოთეკა წიგნსაცავი 2018-12-17   811.13'362 + 811.353.1'362 46272 2018-12-17 46272 2018-12-17 წიგნი 10 ლ.
          ბათუმის შოთა რუსთაველის სახელმწიფო უნივერსიტეტის მთავარი ბიბლიოთეკა ბათუმის შოთა რუსთაველის სახელმწიფო უნივერსიტეტის მთავარი ბიბლიოთეკა წიგნსაცავი 2018-12-17 10.00 811.13'362 + 811.353.1'362 46273 2018-12-17 46273 2018-12-17 წიგნი 10 ლ.